[Event "KM 2022 Bronshoj Lang Weekend"]
[Site "Bronshoj"]
[Date "2022.02.11"]
[Round "1"]
[White "Haubro, Martin"]
[Black "Steenstrup, Svend"]
[Result "1-0"]
[WhiteElo "2399"]
[BlackElo "1958"]
[PlyCount "59"]
[EventDate "2022.02.11"]
[EventType "swiss"]
[EventRounds "7"]
[EventCountry "DEN"]

1. e4 c5 2. Nf3 d6 3. d4 cxd4 4. Nxd4 Nf6 5. Nc3 a6 6. Bg5 e6 7. f4 h6 8. Bh4
Qb6 9. a3 Nc6 10. Bf2 Qc7 11. Qf3 e5 12. Nxc6 bxc6 13. fxe5 Bg4 14. Qg3 dxe5
15. Bc4 Be7 16. O-O h5 17. h3 h4 18. Qe3 Bh5 19. Bxh4 Nd5 20. exd5 Bxh4 21.
dxc6 O-O 22. Qe4 Qb6+ 23. Kh1 Qxb2 24. Nd5 Qd4 25. Qxd4 exd4 26. c7 Ra7 27.
Rab1 Rc8 28. g3 Rcxc7 29. Nxc7 Rxc7 30. Rb8+ 1-0

[Event "KM 2022 Bronshoj Lang Weekend"]
[Site "Bronshoj"]
[Date "2022.02.11"]
[Round "1"]
[White "Falkesgaard, Jeppe Hald"]
[Black "Vasli, Aref"]
[Result "0-1"]
[WhiteElo "1947"]
[BlackElo "2379"]
[PlyCount "92"]
[EventDate "2022.02.11"]
[EventType "swiss"]
[EventRounds "7"]
[EventCountry "DEN"]

1. d4 Nf6 2. c4 e6 3. Nc3 c5 4. d5 exd5 5. cxd5 d6 6. e4 g6 7. Nf3 a6 8. a4 Bg4
9. Be2 Bxf3 10. Bxf3 Bg7 11. O-O O-O 12. Bf4 Qe7 13. Qc2 Nbd7 14. Rfe1 Ne5 15.
Be2 Rfe8 16. h3 Rab8 17. Bh2 Ned7 18. Bf1 g5 19. a5 Nh5 20. g3 Bd4 21. Kg2 Qf6
22. Nd1 Ne5 23. Be2 Qg6 24. Ra3 Nf6 25. f3 Nxd5 26. Kh1 Nb4 27. Qd2 d5 28. Nc3
dxe4 29. Nxe4 h6 30. g4 Rbd8 31. Rf1 f5 32. Ng3 fxg4 33. hxg4 Qc6 34. Ne4 Nxg4
35. Bc4+ Kh8 36. Nxg5 hxg5 37. Qxg5 Nh6 38. Bf4 Rd7 39. Qh5 Rh7 40. Kg2 Rf8 41.
Re1 Nf5 42. Qg5 Nc2 43. Re6 Qd7 44. Rd3 Rg7 45. Rg6 Rxg6 46. Qxg6 Nh4+ 0-1

[Event "KM 2022 Bronshoj Lang Weekend"]
[Site "Bronshoj"]
[Date "2022.02.11"]
[Round "1"]
[White "Hoi, Carsten"]
[Black "Tillo, Sune"]
[Result "1-0"]
[WhiteElo "2343"]
[BlackElo "1929"]
[PlyCount "73"]
[EventDate "2022.02.11"]
[EventType "swiss"]
[EventRounds "7"]
[EventCountry "DEN"]

1. d4 d5 2. c4 c6 3. Nf3 Nf6 4. Nc3 g6 5. e3 Bg7 6. Bd3 O-O 7. h3 dxc4 8. Bxc4
Nbd7 9. O-O b5 10. Bd3 Bb7 11. e4 b4 12. Na4 a5 13. Qe2 Re8 14. e5 Nd5 15. e6
Nf8 16. exf7+ Kxf7 17. Nc5 Bc8 18. h4 Kg8 19. h5 gxh5 20. Ne5 Bxe5 21. Qxe5 Ng6
22. Qxh5 Nf6 23. Qg5 Qd5 24. Re1 Qxg5 25. Bxg5 Nd5 26. g3 Kf7 27. Kg2 Rh8 28.
Rh1 Nf6 29. Rae1 Ra7 30. Rh6 Rd8 31. Bxf6 Kxf6 32. Rxh7 Rxd4 33. Rh6 Bf5 34.
Bxf5 Kxf5 35. Rh5+ Kf6 36. Re6+ Kf7 37. Rf5+ 1-0

[Event "KM 2022 Bronshoj Lang Weekend"]
[Site "Bronshoj"]
[Date "2022.02.11"]
[Round "1"]
[White "Petrovski, Petruli"]
[Black "Kistrup, Nicolai"]
[Result "0-1"]
[WhiteElo "1892"]
[BlackElo "2316"]
[PlyCount "88"]
[EventDate "2022.02.11"]
[EventType "swiss"]
[EventRounds "7"]
[EventCountry "DEN"]

1. Nf3 d5 2. c4 d4 3. g3 Nc6 4. Bg2 e5 5. d3 Bc5 6. O-O Nge7 7. Na3 O-O 8. Nc2
a5 9. b3 Qd6 10. a3 Rb8 11. e3 dxe3 12. Bxe3 Bxe3 13. Nxe3 Rd8 14. Ne1 Nd4 15.
h4 Bd7 16. a4 Bc6 17. Rc1 Bxg2 18. N3xg2 Qb4 19. Rb1 Qc3 20. Ne3 Rd6 21. Ng4 f6
22. h5 h6 23. Kg2 Rb6 24. Nf3 Rxb3 25. Nxd4 Rxb1 26. Qxb1 Qxd4 27. Ne3 b6 28.
Rc1 Rd8 29. Qb5 Qxd3 30. Rd1 Qe4+ 31. f3 Qa8 32. Rd7 c6 33. Rxd8+ Qxd8 34. Qb3
Qd2+ 35. Kh3 c5 36. Nd5 Nf5 37. Qxb6 Qg5 38. g4 Qh4+ 39. Kg2 Qg3+ 40. Kh1 Qxf3+
41. Kg1 Qxg4+ 42. Kf2 Qg3+ 43. Ke2 Nd4+ 44. Kf1 Qf3+ 0-1

[Event "KM 2022 Bronshoj Lang Weekend"]
[Site "Bronshoj"]
[Date "2022.02.11"]
[Round "1"]
[White "Nielsen, Viktor Haarmark"]
[Black "Jalving, August"]
[Result "1-0"]
[WhiteElo "2267"]
[BlackElo "1876"]
[PlyCount "67"]
[EventDate "2022.02.11"]
[EventType "swiss"]
[EventRounds "7"]
[EventCountry "DEN"]

1. d4 Nf6 2. c4 g6 3. g3 Bg7 4. Nf3 O-O 5. Bg2 d6 6. O-O Nbd7 7. Nc3 e5 8. e4
c6 9. h3 exd4 10. Nxd4 Nc5 11. Be3 a5 12. Qc2 Re8 13. Rad1 Qc7 14. Ndb5 cxb5
15. Nxb5 Qe7 16. Nxd6 Ne6 17. Nxe8 Nxe8 18. f4 Bd7 19. e5 Bc6 20. Bd5 Nc5 21.
Qf2 Ne4 22. Qg2 Bxd5 23. cxd5 f5 24. d6 Qd7 25. Qc2 N8xd6 26. exd6 Nxg3 27. Qc7
Qe6 28. Rfe1 Qe4 29. Kf2 Bf6 30. Kxg3 g5 31. d7 Rd8 32. Qd6 Kg7 33. Bd4 gxf4+
34. Qxf4 1-0

[Event "KM 2022 Bronshoj Lang Weekend"]
[Site "Bronshoj"]
[Date "2022.02.11"]
[Round "1"]
[White "Saravana, Vedant Kumar"]
[Black "Jacobsen, Mikkel Manosri"]
[Result "0-1"]
[WhiteElo "1848"]
[BlackElo "2240"]
[PlyCount "90"]
[EventDate "2022.02.11"]
[EventType "swiss"]
[EventRounds "7"]
[EventCountry "DEN"]

1. e4 c5 2. Nf3 Nf6 3. Nc3 d5 4. e5 Nfd7 5. d4 e6 6. Be3 cxd4 7. Bxd4 Nc6 8.
Be2 a6 9. a4 Qc7 10. O-O Ndxe5 11. Nxe5 Nxe5 12. f4 Nc6 13. Kh1 Bd7 14. f5 Nxd4
15. Qxd4 Qc5 16. Qd3 Be7 17. Bg4 Rc8 18. Rae1 Rc6 19. Qf3 O-O 20. Qh3 Bf6 21.
fxe6 Bxc3 22. exf7+ Rxf7 23. bxc3 Qc4 24. Rxf7 Bxg4 25. Qe3 Re6 26. Rxg7+ Kxg7
27. Qg5+ Kf7 28. Rb1 Re7 29. Qh6 Ke8 30. Qg5 Be6 31. Qe5 Qc7 32. Qh8+ Kd7 33.
Qd4 Kc8 34. Qh8+ Qd8 35. Qd4 Bf5 36. Qf2 Be4 37. Qc5+ Kb8 38. Qf2 Rg7 39. Rg1
a5 40. Qd2 Qg5 41. Qf2 Bxg2+ 42. Qxg2 Qxg2+ 43. Rxg2 Rxg2 44. Kxg2 b5 45. axb5
a4 0-1

[Event "KM 2022 Bronshoj Lang Weekend"]
[Site "Bronshoj"]
[Date "2022.02.11"]
[Round "1"]
[White "Thorsbro, Peter"]
[Black "Pihl, William"]
[Result "1-0"]
[WhiteElo "2199"]
[BlackElo "1841"]
[PlyCount "57"]
[EventDate "2022.02.11"]
[EventType "swiss"]
[EventRounds "7"]
[EventCountry "DEN"]

1. e4 e5 2. Nf3 Nf6 3. Nc3 Nc6 4. Bc4 Bc5 5. O-O d6 6. h3 Qe7 7. Nd5 Nxd5 8.
exd5 Nd4 9. Nxd4 Bxd4 10. c3 Bb6 11. d4 O-O 12. Re1 Qf6 13. Re3 exd4 14. Rf3
Qg6 15. Rg3 Qf6 16. Bg5 Qe5 17. Bh6 dxc3 18. Rxg7+ Kh8 19. Rg5 cxb2 20. Rxe5
dxe5 21. Bxf8 Bf5 22. Ba3 bxa1=Q 23. Qxa1 Bd4 24. Bb2 Rg8 25. Bxd4 exd4 26.
Qxd4+ Rg7 27. Kh2 b6 28. Qf6 Be4 29. f3 1-0

[Event "KM 2022 Bronshoj Lang Weekend"]
[Site "Bronshoj"]
[Date "2022.02.11"]
[Round "1"]
[White "Gustafsson, Magnus"]
[Black "Nielsen, Thomas Bach"]
[Result "1-0"]
[WhiteElo "1834"]
[BlackElo "2170"]
[PlyCount "93"]
[EventDate "2022.02.11"]
[EventType "swiss"]
[EventRounds "7"]
[EventCountry "DEN"]

1. e4 c6 2. d4 d5 3. exd5 cxd5 4. Bd3 Nc6 5. c3 Qc7 6. Ne2 Bg4 7. f3 Bh5 8. Nf4
Nf6 9. Nxh5 Nxh5 10. Bc2 e6 11. Na3 a6 12. O-O Bd6 13. f4 g6 14. g3 f5 15. Be3
Bxa3 16. bxa3 Na5 17. Qe1 Nf6 18. Rb1 Rc8 19. Bd2 Kf7 20. Qe2 Rhe8 21. Rb4 Nc4
22. Rfb1 b5 23. a4 Na3 24. R1b2 Nc4 25. R2b3 Na5 26. Rb1 Nc6 27. R4b2 Rb8 28.
axb5 axb5 29. Bd3 b4 30. cxb4 Nxd4 31. Qf2 Nb5 32. a4 Nd6 33. Rc1 Qd7 34. b5
Nfe4 35. Qe3 Nxd2 36. Qxd2 Qa7+ 37. Kg2 Qxa4 38. Rc7+ Re7 39. Qc3 Rb7 40. Rxe7+
Rxe7 41. Qh8 Ne8 42. b6 Rb7 43. Bb5 Qe4+ 44. Kh3 Ng7 45. Qc8 Re7 46. b7 Nh5 47.
b8=Q 1-0

[Event "KM 2022 Bronshoj Lang Weekend"]
[Site "Bronshoj"]
[Date "2022.02.12"]
[Round "2"]
[White "Moe, Mogens"]
[Black "Haubro, Martin"]
[Result "0-1"]
[WhiteElo "2153"]
[BlackElo "2399"]
[PlyCount "82"]
[EventDate "2022.02.11"]
[EventType "swiss"]
[EventRounds "7"]
[EventCountry "DEN"]

1. e4 e5 2. Nf3 Nc6 3. Bc4 Nf6 4. Ng5 d5 5. exd5 Na5 6. Bb5+ c6 7. dxc6 bxc6 8.
Bd3 Nd5 9. Nf3 Bd6 10. O-O Nf4 11. Re1 Nxd3 12. cxd3 O-O 13. Nc3 Re8 14. b3 c5
15. Ne4 Bf8 16. Ba3 f5 17. Ng3 f4 18. Ne4 Bg4 19. h3 Bh5 20. g4 fxg3 21. Nxg3
Bf7 22. Nxe5 Bd5 23. Bb2 Nc6 24. Re3 Nd4 25. Bxd4 cxd4 26. Re1 Qf6 27. Ng4
Rxe1+ 28. Qxe1 Qf3 29. Qf1 Bd6 30. Nh2 Qf7 31. Qe2 Re8 32. Qg4 Re6 33. Rc1 Bb7
34. Qh4 h6 35. Ne4 Rg6+ 36. Kh1 Be7 37. Qh5 Rg1+ 38. Kxg1 Qxh5 39. Rc7 Bxe4 40.
dxe4 Qg6+ 41. Kf1 Qxe4 0-1

[Event "KM 2022 Bronshoj Lang Weekend"]
[Site "Bronshoj"]
[Date "2022.02.12"]
[Round "2"]
[White "Vasli, Aref"]
[Black "Petersen, Steen Brustrup"]
[Result "1-0"]
[WhiteElo "2379"]
[BlackElo "2090"]
[PlyCount "43"]
[EventDate "2022.02.11"]
[EventType "swiss"]
[EventRounds "7"]
[EventCountry "DEN"]

1. e4 c5 2. Nf3 Nc6 3. Bb5 g6 4. O-O Bg7 5. Re1 e5 6. c3 Nge7 7. d4 exd4 8. e5
O-O 9. cxd4 cxd4 10. Bf4 Nf5 11. Bd3 d6 12. Bxf5 Bxf5 13. exd6 Qb6 14. Qd2 Rfe8
15. Na3 Qb4 16. Qxb4 Nxb4 17. Bd2 Nd3 18. Rxe8+ Rxe8 19. Nb5 Re2 20. Bg5 Nxb2
21. Nbxd4 f6 22. Bc1 1-0

[Event "KM 2022 Bronshoj Lang Weekend"]
[Site "Bronshoj"]
[Date "2022.02.12"]
[Round "2"]
[White "Iskos, Lukas"]
[Black "Hoi, Carsten"]
[Result "1/2-1/2"]
[WhiteElo "2064"]
[BlackElo "2343"]
[PlyCount "98"]
[EventDate "2022.02.11"]
[EventType "swiss"]
[EventRounds "7"]
[EventCountry "DEN"]

1. d4 d5 2. Bf4 Nf6 3. e3 Bg4 4. Be2 Bxe2 5. Qxe2 c6 6. Nf3 g6 7. Nbd2 Nbd7 8.
c3 Bg7 9. O-O O-O 10. e4 dxe4 11. Nxe4 Nxe4 12. Qxe4 Nf6 13. Qe2 Re8 14. Rfe1
Qd5 15. Qd2 Rad8 16. Bh6 Nd7 17. Bxg7 Kxg7 18. Qg5 Qxg5 19. Nxg5 e5 20. dxe5
Nxe5 21. Rad1 h6 22. Rxd8 Rxd8 23. Ne4 Rd5 24. h3 Nd3 25. Re2 f5 26. Ng3 Kf6
27. c4 Rd7 28. Rd2 Nc5 29. Rxd7 Nxd7 30. Ne2 Ke5 31. f3 f4 32. g3 g5 33. h4 Nc5
34. hxg5 hxg5 35. gxf4+ gxf4 36. Kg2 Nd3 37. b3 Ne1+ 38. Kf2 Nc2 39. Kg2 c5 40.
Kh3 Nd4 41. Ng1 Kf5 42. Kg2 Nc2 43. Ne2 Nb4 44. Nc3 Ke5 45. Kf2 a6 46. Ke2 Kd4
47. Kd2 Nc6 48. Ne4 b5 49. cxb5 Kd5 1/2-1/2

[Event "KM 2022 Bronshoj Lang Weekend"]
[Site "Bronshoj"]
[Date "2022.02.12"]
[Round "2"]
[White "Kistrup, Nicolai"]
[Black "Jarlskov, Daniel Tuk Hartso"]
[Result "1-0"]
[WhiteElo "2316"]
[BlackElo "1963"]
[PlyCount "55"]
[EventDate "2022.02.11"]
[EventType "swiss"]
[EventRounds "7"]
[EventCountry "DEN"]

1. d4 d5 2. c4 e6 3. Nf3 Nf6 4. g3 dxc4 5. Bg2 a6 6. Ne5 Ra7 7. O-O Be7 8. e4
c6 9. Nxc4 O-O 10. Be3 Nbd7 11. d5 cxd5 12. exd5 exd5 13. Bxa7 dxc4 14. Qe2 b5
15. a4 Re8 16. Be3 Nc5 17. axb5 axb5 18. Ra8 Qc7 19. Nc3 Qd7 20. Rfa1 Ng4 21.
R1a7 Qe6 22. Bd5 Qd6 23. Qxg4 Bxg4 24. Rxe8+ Bf8 25. Bxf7+ Kh8 26. Bf4 Qd1+ 27.
Nxd1 Bxd1 28. Rxf8# 1-0

[Event "KM 2022 Bronshoj Lang Weekend"]
[Site "Bronshoj"]
[Date "2022.02.12"]
[Round "2"]
[White "Sorensen, Per Settergren"]
[Black "Nielsen, Viktor Haarmark"]
[Result "0-1"]
[WhiteElo "2024"]
[BlackElo "2267"]
[PlyCount "86"]
[EventDate "2022.02.11"]
[EventType "swiss"]
[EventRounds "7"]
[EventCountry "DEN"]

1. e4 e5 2. Nf3 Nc6 3. Bb5 a6 4. Ba4 Nf6 5. O-O Be7 6. Re1 b5 7. Bb3 O-O 8. d4
d6 9. c3 Bg4 10. d5 Na5 11. Bc2 c6 12. dxc6 h6 13. Nbd2 Qc7 14. Nf1 Qxc6 15. h3
Be6 16. Ng3 Rfe8 17. Nh4 Bf8 18. Nhf5 Kh7 19. Qf3 Ng8 20. Ne3 Nc4 21. Nd5 Kh8
22. b3 Nb6 23. Nxb6 Qxb6 24. Bb2 Rad8 25. Rad1 a5 26. Nf5 Ne7 27. Ne3 Qb7 28.
Ba3 b4 29. cxb4 axb4 30. Bb2 Nc6 31. Rd2 Ra8 32. Bb1 Na7 33. Nf5 Nb5 34. Red1
Rec8 35. Rd3 Bxf5 36. Qxf5 Nc3 37. Rxd6 Bxd6 38. Rxd6 Rd8 39. Qxe5 Rxd6 40.
Qxd6 Qa6 41. Qxa6 Rxa6 42. Bxc3 bxc3 43. e5 Rxa2 0-1

[Event "KM 2022 Bronshoj Lang Weekend"]
[Site "Bronshoj"]
[Date "2022.02.12"]
[Round "2"]
[White "Jacobsen, Mikkel Manosri"]
[Black "Gustafsson, Magnus"]
[Result "1-0"]
[WhiteElo "2240"]
[BlackElo "1834"]
[PlyCount "73"]
[EventDate "2022.02.11"]
[EventType "swiss"]
[EventRounds "7"]
[EventCountry "DEN"]

1. Nf3 g6 2. d4 d6 3. h4 Nf6 4. Bg5 Nbd7 5. Nc3 c6 6. e4 h6 7. Bf4 Nh5 8. Be3
Ndf6 9. Nh2 Ng7 10. Qd2 h5 11. f3 Qc7 12. O-O-O Bd7 13. Bc4 e6 14. Bg5 Nh7 15.
Be3 Nf6 16. Bb3 Be7 17. Bh6 Bf8 18. g4 hxg4 19. fxg4 O-O-O 20. Rdf1 Ng8 21.
Bxg7 Bxg7 22. Rxf7 Bf6 23. Bxe6 Be7 24. Bxd7+ Qxd7 25. Nf3 Nh6 26. Rg7 Qxg4 27.
Rxe7 Qxf3 28. Re1 Nf7 29. Qe3 Qf6 30. Nd5 Qg7 31. Qh3+ Kb8 32. Qb3 b5 33. Qa3
Qxd4 34. Qa6 Rd7 35. Rxd7 Nd8 36. Rc7 cxd5 37. Rc8# 1-0

[Event "KM 2022 Bronshoj Lang Weekend"]
[Site "Bronshoj"]
[Date "2022.02.12"]
[Round "2"]
[White "Koch Mueller, Oscar"]
[Black "Thorsbro, Peter"]
[Result "1/2-1/2"]
[WhiteElo "1985"]
[BlackElo "2199"]
[PlyCount "87"]
[EventDate "2022.02.11"]
[EventType "swiss"]
[EventRounds "7"]
[EventCountry "DEN"]

1. d4 d5 2. c4 e6 3. Nc3 Nf6 4. cxd5 exd5 5. Bg5 c6 6. e3 h6 7. Bh4 Bd6 8. Bd3
O-O 9. Qc2 Re8 10. Nge2 Nbd7 11. O-O Qc7 12. Bg3 Bxg3 13. Nxg3 Nb6 14. Rfe1 Be6
15. e4 dxe4 16. Ncxe4 Nxe4 17. Nxe4 Rad8 18. Rad1 Nd5 19. a3 Nf4 20. Nc5 Nxd3
21. Qxd3 Bd5 22. Qg3 Qxg3 23. hxg3 b6 24. Nd3 a5 25. Rxe8+ Rxe8 26. Nf4 Ba2 27.
d5 Rd8 28. d6 Kf8 29. f3 g5 30. Nh5 Bd5 31. g4 Rxd6 32. Ng3 Rf6 33. Kf2 Re6 34.
Nf5 Kg8 35. b4 axb4 36. axb4 Kh7 37. b5 Rf6 38. Ne7 Re6 39. Nxd5 cxd5 40. Rxd5
Kg6 41. g3 f6 42. f4 gxf4 43. gxf4 Re4 44. Kf3 1/2-1/2

[Event "KM 2022 Bronshoj Lang Weekend"]
[Site "Bronshoj"]
[Date "2022.02.12"]
[Round "2"]
[White "Fredericia, Louise Winther"]
[Black "Thuesen, Mogens Henrik"]
[Result "0-1"]
[WhiteElo "1960"]
[BlackElo "2160"]
[PlyCount "34"]
[EventDate "2022.02.11"]
[EventType "swiss"]
[EventRounds "7"]
[EventCountry "DEN"]

1. f4 d5 2. Nf3 Nf6 3. e3 g6 4. Be2 Bg7 5. O-O O-O 6. d3 c5 7. Ne5 Nfd7 8. d4
Nc6 9. c3 Qb6 10. Rf2 Ndxe5 11. fxe5 f6 12. Bf3 e6 13. exf6 Bxf6 14. e4 dxe4
15. Bxe4 cxd4 16. Bh6 dxc3 17. Nxc3 Bg7 0-1

[Event "KM 2022 Bronshoj Lang Weekend"]
[Site "Bronshoj"]
[Date "2022.02.12"]
[Round "3"]
[White "Haubro, Martin"]
[Black "Jacobsen, Mikkel Manosri"]
[Result "1-0"]
[WhiteElo "2399"]
[BlackElo "2240"]
[PlyCount "101"]
[EventDate "2022.02.11"]
[EventType "swiss"]
[EventRounds "7"]
[EventCountry "DEN"]

1. e4 c6 2. d4 d5 3. e5 Bf5 4. Nd2 e6 5. Nb3 Nd7 6. Nf3 Ne7 7. Be2 h6 8. O-O g5
9. a4 a5 10. Bd2 Bg7 11. c4 O-O 12. c5 Ng6 13. Ne1 Nf4 14. Bxf4 gxf4 15. Qd2 f6
16. exf6 Rxf6 17. Qxf4 b6 18. cxb6 Qxb6 19. Qe3 Rb8 20. Bd1 e5 21. Rc1 Be4 22.
Qh3 Rb7 23. dxe5 Nxe5 24. Nc5 Rbf7 25. Qb3 Qxb3 26. Bxb3 Bg6 27. f3 h5 28. Bc2
Nc4 29. b3 Bh6 30. Bxg6 Be3+ 31. Kh1 Rxg6 32. bxc4 Bxc1 33. Ned3 Be3 34. Ne5
Rg5 35. Nxf7 Kxf7 36. f4 Rf5 37. Nd3 dxc4 38. Ne5+ Rxe5 39. fxe5+ Ke7 40. Re1
Bd2 41. Re4 c3 42. Rc4 Ke6 43. Rc5 Kf5 44. g3 Ke4 45. e6 Kd4 46. Rxc3 Kxc3 47.
e7 c5 48. e8=Q c4 49. Kg2 Kc2 50. Kf3 c3 51. Ke2 1-0

[Event "KM 2022 Bronshoj Lang Weekend"]
[Site "Bronshoj"]
[Date "2022.02.12"]
[Round "3"]
[White "Thuesen, Mogens Henrik"]
[Black "Vasli, Aref"]
[Result "1/2-1/2"]
[WhiteElo "2160"]
[BlackElo "2379"]
[PlyCount "72"]
[EventDate "2022.02.11"]
[EventType "swiss"]
[EventRounds "7"]
[EventCountry "DEN"]

1. d4 Nf6 2. c4 e6 3. Nc3 c5 4. e3 d5 5. Nf3 Nc6 6. cxd5 exd5 7. Bb5 a6 8.
Bxc6+ bxc6 9. O-O Bd6 10. dxc5 Bxc5 11. Qa4 Qb6 12. Ne5 Bb7 13. Ng4 Nd7 14. h3
Qc7 15. Rd1 O-O 16. b4 Bd6 17. e4 h5 18. Ne3 Be5 19. Qb3 d4 20. f4 Bf6 21. e5
Nxe5 22. Ne4 Nd7 23. Nxf6+ Nxf6 24. Rxd4 Rad8 25. Bb2 Rxd4 26. Bxd4 Qxf4 27.
Bc5 Rd8 28. Rf1 Qe4 29. Nf5 h4 30. Ne7+ Kh8 31. Qxf7 Rd2 32. Ng6+ Kh7 33. Nf8+
Kh8 34. Ng6+ Kh7 35. Nf8+ Kh8 36. Ng6+ Kh7 1/2-1/2

[Event "KM 2022 Bronshoj Lang Weekend"]
[Site "Bronshoj"]
[Date "2022.02.12"]
[Round "3"]
[White "Petersen, Peter Birk"]
[Black "Kistrup, Nicolai"]
[Result "1/2-1/2"]
[WhiteElo "2157"]
[BlackElo "2316"]
[PlyCount "86"]
[EventDate "2022.02.11"]
[EventType "swiss"]
[EventRounds "7"]
[EventCountry "DEN"]

1. e4 e5 2. Nf3 Nc6 3. Bb5 a6 4. Ba4 Nf6 5. O-O Be7 6. d3 b5 7. Bb3 d6 8. c3
O-O 9. Re1 Na5 10. Bc2 c5 11. Nbd2 Nc6 12. Nf1 Be6 13. h3 h6 14. Ng3 Re8 15. d4
cxd4 16. cxd4 Nxd4 17. Nxd4 exd4 18. Qxd4 Rc8 19. Bb3 d5 20. e5 Nd7 21. Bf4 Bc5
22. Qd3 Bb4 23. Re2 Nc5 24. Qf3 d4 25. Bxe6 Nxe6 26. Rd1 Rc4 27. Bd2 d3 28.
Bxb4 Rxb4 29. Red2 Nc5 30. Qe3 Qd5 31. f4 f6 32. a3 Rb3 33. Rc1 Na4 34. Nf5 Qd7
35. Nd4 Rxb2 36. Rxd3 fxe5 37. Nf3 exf4 38. Rxd7 fxe3 39. Rcc7 Re6 40. Rxg7+
Kf8 41. Rgf7+ Kg8 42. Rg7+ Kf8 43. Rgf7+ Kg8 1/2-1/2

[Event "KM 2022 Bronshoj Lang Weekend"]
[Site "Bronshoj"]
[Date "2022.02.12"]
[Round "3"]
[White "Nielsen, Viktor Haarmark"]
[Black "Meskenas, Paulius"]
[Result "1-0"]
[WhiteElo "2267"]
[BlackElo "2157"]
[PlyCount "49"]
[EventDate "2022.02.11"]
[EventType "swiss"]
[EventRounds "7"]
[EventCountry "DEN"]

1. e4 e5 2. Nf3 Nc6 3. Bb5 a6 4. Ba4 Nf6 5. O-O b5 6. Bb3 Nxe4 7. d4 d5 8. dxe5
Be6 9. Qe2 Be7 10. Rd1 O-O 11. c4 bxc4 12. Bxc4 Na5 13. Bd3 Nc5 14. Bc2 Nc6 15.
Nc3 Rb8 16. Be3 Rxb2 17. Bxh7+ Kxh7 18. Qxb2 Kg8 19. Rac1 Qd7 20. Nxd5 Bxd5 21.
Bxc5 Bxc5 22. Rxc5 Ne7 23. Qb7 Rd8 24. Qxc7 Qe8 25. Qa5 1-0

[Event "KM 2022 Bronshoj Lang Weekend"]
[Site "Bronshoj"]
[Date "2022.02.12"]
[Round "3"]
[White "Hoi, Carsten"]
[Black "Koch Mueller, Oscar"]
[Result "1-0"]
[WhiteElo "2343"]
[BlackElo "1985"]
[PlyCount "65"]
[EventDate "2022.02.11"]
[EventType "swiss"]
[EventRounds "7"]
[EventCountry "DEN"]

1. d4 Nf6 2. c4 e6 3. Nc3 Bb4 4. e3 O-O 5. Bd3 d5 6. Nge2 dxc4 7. Bxc4 c5 8. a3
Bxc3+ 9. Nxc3 cxd4 10. exd4 Nc6 11. Be3 b6 12. O-O Bb7 13. Qd3 h6 14. Rad1 Ne7
15. f3 Ned5 16. Bd2 Rc8 17. Ba2 Qd7 18. Ne4 Rfd8 19. Bb1 Nxe4 20. fxe4 Nf6 21.
Rxf6 gxf6 22. Bxh6 Kh7 23. e5+ f5 24. Qh3 Bxg2 25. Kxg2 Rh8 26. Rd3 Qd5+ 27.
Kf2 Rc4 28. Bd2+ Kg7 29. Rg3+ Kf8 30. Qxh8+ Ke7 31. Bg5+ Kd7 32. Qd8+ Kc6 33.
Qxd5+ 1-0

[Event "KM 2022 Bronshoj Lang Weekend"]
[Site "Bronshoj"]
[Date "2022.02.12"]
[Round "3"]
[White "Thorsbro, Peter"]
[Black "Iskos, Lukas"]
[Result "0-1"]
[WhiteElo "2199"]
[BlackElo "2064"]
[PlyCount "128"]
[EventDate "2022.02.11"]
[EventType "swiss"]
[EventRounds "7"]
[EventCountry "DEN"]

1. d4 d5 2. c4 e6 3. Nc3 Nf6 4. cxd5 exd5 5. Bg5 Be7 6. e3 O-O 7. Bd3 h6 8. Bh4
b6 9. Nf3 Bb7 10. O-O Nbd7 11. Rc1 Rc8 12. Bg3 Nh5 13. Be5 f6 14. Bxc7 Rxc7 15.
Bg6 f5 16. Bxh5 Bd6 17. Qb3 Kh7 18. Ne5 Nxe5 19. dxe5 Bxe5 20. Bf3 d4 21. exd4
Bxf3 22. dxe5 Qg5 23. g3 Rfc8 24. Rce1 Qg4 25. Nd5 Rc4 26. Ne7 R8c7 27. h3 Qh5
28. Re3 Bb7 29. Qd3 Be4 30. Rxe4 fxe4 31. Qd5 Qe8 32. b3 R7c5 33. Qb7 Rd4 34.
Nf5 Qd7 35. Qxd7 Rxd7 36. e6 Rd8 37. g4 g6 38. Ng3 Re5 39. Re1 Rd4 40. Rc1 Rxe6
41. Rc7+ Kg8 42. Rxa7 e3 43. fxe3 Rxe3 44. Kf2 Re6 45. a4 Rf4+ 46. Kg2 Rb4 47.
a5 b5 48. a6 Rxb3 49. h4 Ra3 50. Rb7 Rexa6 51. Rxb5 Ra2+ 52. Kh3 Rf2 53. g5 h5
54. Rb3 Raa2 55. Ne4 Rh2+ 56. Kg3 Rag2+ 57. Kf3 Rh3+ 58. Kxg2 Rxb3 59. Nc5 Re3
60. Nd7 Kf7 61. Kf2 Re4 62. Kg3 Ke6 63. Nc5+ Kf5 64. Nd7 Re3+ 0-1

[Event "KM 2022 Bronshoj Lang Weekend"]
[Site "Bronshoj"]
[Date "2022.02.12"]
[Round "3"]
[White "Falkesgaard, Jeppe Hald"]
[Black "Nielsen, Thomas Bach"]
[Result "1/2-1/2"]
[WhiteElo "1947"]
[BlackElo "2170"]
[PlyCount "92"]
[EventDate "2022.02.11"]
[EventType "swiss"]
[EventRounds "7"]
[EventCountry "DEN"]

1. d4 f5 2. c4 Nf6 3. g3 g6 4. Bg2 Bg7 5. Nc3 d6 6. Nf3 O-O 7. O-O Nc6 8. d5
Ne5 9. Nxe5 dxe5 10. Rb1 e4 11. b4 e6 12. Qb3 exd5 13. cxd5 Kh8 14. Rd1 Qe8 15.
b5 Rf7 16. Bb2 Rd7 17. e3 Qf7 18. Bf1 g5 19. Bg2 b6 20. f3 exf3 21. Bxf3 Bb7
22. Rd3 f4 23. gxf4 gxf4 24. e4 Re8 25. Kh1 Rde7 26. Re1 Nd7 27. Rd2 Ne5 28.
Rf1 Bc8 29. Rff2 Nxf3 30. Rxf3 Bg4 31. Rf1 Qh5 32. Rdf2 Bh3 33. Rg1 f3 34. Rg3
Bg2+ 35. Kg1 Bd4 36. Ne2 Bxb2 37. Qxb2+ Qe5 38. Qxe5+ Rxe5 39. Nf4 Rxe4 40.
Nxg2 fxg2 41. Kxg2 Rg8 42. Rc2 Re7 43. Rxg8+ Kxg8 44. Kf3 Kf7 45. Rc6 Ke8 46.
d6 cxd6 1/2-1/2

[Event "KM 2022 Bronshoj Lang Weekend"]
[Site "Bronshoj"]
[Date "2022.02.12"]
[Round "3"]
[White "Tillo, Sune"]
[Black "Moe, Mogens"]
[Result "1/2-1/2"]
[WhiteElo "1929"]
[BlackElo "2153"]
[PlyCount "86"]
[EventDate "2022.02.11"]
[EventType "swiss"]
[EventRounds "7"]
[EventCountry "DEN"]

1. d4 Nf6 2. c4 g6 3. Nc3 d5 4. cxd5 Nxd5 5. e4 Nxc3 6. bxc3 Bg7 7. Nf3 c5 8.
Bb5+ Bd7 9. Bxd7+ Qxd7 10. O-O O-O 11. Be3 Na6 12. Qb3 Rac8 13. Rab1 b6 14.
Rfd1 Qb7 15. d5 c4 16. Qc2 Nc5 17. Bxc5 Rxc5 18. Nd4 Re8 19. f4 Qa6 20. h4
Bxd4+ 21. Rxd4 Ra5 22. Rb2 Ra3 23. h5 b5 24. hxg6 fxg6 25. f5 Qa5 26. fxg6 Qxc3
27. gxh7+ Kh8 28. Qxc3 Rxc3 29. Rxb5 Rc1+ 30. Kh2 Rc8 31. Rb4 Kxh7 32. e5 c3
33. Rbc4 Rxc4 34. Rxc4 Kg6 35. d6 exd6 36. exd6 Kf6 37. g4 Ke6 38. g5 Kxd6 39.
g6 Ke7 40. Rc7+ Kf8 41. Rxa7 Ra1 42. Rc7 Rxa2+ 43. Kg3 Ra6 1/2-1/2